MARC

LEADER 00000nab a2200000 ar4500
001 vtls011711710
003 SK-MaSNL
005 20260305040234.0
008 170921c20160620xo mr|p|||||||000 b|slo
038 |a SNSK 
040 |b slo  |c SNSK  |e AACR2 
041 |a slo 
044 |a xo  |c SK 
080 |a 352  |2 2011 
080 |a 347.998.74  |2 2011 
100 1 |a Dzimková, Oľga  |4 aut  |9 1619717 
245 1 0 |a Z činnostikomisíí  |c Oľga Dzimková 
300 |b Fotogr. 
610 1 7 |a Krompachy (Slovensko).  |b Mestské zastupiteľstvo.  |b Komisia sociálna, zdravotná, bytová a pre rómsku komunitu  |2 snsk  |9 1619718 
650 0 7 |a komisie mestského zastupiteľstva  |2 snsk  |9 1041850 
650 0 7 |a činnosť  |2 snsk  |9 282874 
651 7 |a Krompachy (Slovensko)  |2 snsk  |9 43389 
651 7 |a Spišská Nová Ves (Slovensko : okres)  |2 snsk  |9 22259 
773 0 |t Krompašský spravodajca : mesačník občanov Krompách  |g Roč. 25, č. [6] (20. jún 2016), s. 3  |x 1339-0368 
852 |a SNSK  |b KIS3GCP 
856 4 1 |u http://skmedia.hlasnatrouba.cz/podnet/e8d67cc7dd175422d761c32f5eca82efcceb3518#3 
999 |c 3337413  |d 3339343